102 sự kiện nổi tiếng thế giới.
Sách gồm 102 sự kiện nổi tiếng thế giới giúp cho bạn đọc có một cái nhìn khách quan trong việc đánh giá sự kiện, đồng thời qua đó mở rộng tầm hiểu biết đối với thế giới.
Salvato in:
| Natura: | Libro |
|---|---|
| Lingua: | Vietnamese |
| Pubblicazione: |
hà Nội :
Văn hoá thông tin,
1999.
|
| Soggetti: | |
| Tags: |
Aggiungi Tag
Nessun Tag, puoi essere il primo ad aggiungerne! !
|
| Thư viện lưu trữ: | Mạng thư viện Đại học Đà Nẵng |
|---|
| LEADER | 01066cam a2200337 i 4500 | ||
|---|---|---|---|
| 001 | 000046583 | ||
| 003 | 6081 | ||
| 005 | 20030917081902.0 | ||
| 008 | 010307b1999 vm 000 vie | ||
| 020 | |c 47000 | ||
| 040 | |a IRC |c IRC |d IRC | ||
| 041 | 0 | |a vie | |
| 082 | 1 | 4 | |a 000 |b Mô-T |
| 245 | 0 | 0 | |a 102 sự kiện nổi tiếng thế giới. |
| 260 | |a hà Nội : |b Văn hoá thông tin, |c 1999. | ||
| 300 | |a 546tr. ; |c 19cm. | ||
| 520 | 3 | |a Sách gồm 102 sự kiện nổi tiếng thế giới giúp cho bạn đọc có một cái nhìn khách quan trong việc đánh giá sự kiện, đồng thời qua đó mở rộng tầm hiểu biết đối với thế giới. | |
| 630 | 0 | 4 | |a Lịch sử. |
| 630 | 0 | 4 | |a Lịch sử thế giới. |
| 630 | 0 | 4 | |a Sự kiện thế giới. |
| 650 | 0 | 4 | |a Sự kiện thế giới. |
| OWN | |a DUT | ||
| 999 | |a From the UDN01 | ||
| TYP | |a Monograph | ||
| TYP | |a Printed language | ||
| 980 | |a Mạng thư viện Đại học Đà Nẵng | ||